5HLuxD.jpg

KING HENRY VIII SENIOR AND PRIMARY SCHOOL LIBRARY OPAC

Technology, war and independence : (Record no. 2696)

000 -LEADER
fixed length control field 00945nam a2200289 i 4500
001 - CONTROL NUMBER
control field 022303374
003 - CONTROL NUMBER IDENTIFIER
control field UkOxU
005 - DATE AND TIME OF LATEST TRANSACTION
control field 20230810153539.0
008 - FIXED-LENGTH DATA ELEMENTS--GENERAL INFORMATION
fixed length control field 200309s2020 enka j 001|0|eng|d
020 ## - INTERNATIONAL STANDARD BOOK NUMBER
International Standard Book Number 9780198494669
Qualifying information paperback
035 ## - SYSTEM CONTROL NUMBER
System control number (Uk)019750670
040 ## - CATALOGING SOURCE
Original cataloging agency StDuBDS
Language of cataloging eng
Description conventions rda
Transcribing agency StDuBDS
Modifying agency UkOxU
-- KH8
082 04 - DEWEY DECIMAL CLASSIFICATION NUMBER
Classification number 941.082 WIL
100 1# - MAIN ENTRY--PERSONAL NAME
Personal name Wilkes, A.
Fuller form of name (Aaron),
Relator term author.
245 10 - TITLE STATEMENT
Title Technology, war and independence :
Remainder of title 1901-present day.
Name of part/section of a work Student book /
Statement of responsibility, etc. Aaron Wilkes.
250 ## - EDITION STATEMENT
Edition statement Fourth edition.
264 #1 - PRODUCTION, PUBLICATION, DISTRIBUTION, MANUFACTURE, AND COPYRIGHT NOTICE
Place of production, publication, distribution, manufacture Oxford :
Name of producer, publisher, distributor, manufacturer Oxford University Press,
Date of production, publication, distribution, manufacture, or copyright notice 2020.
300 ## - PHYSICAL DESCRIPTION
Extent 230 pages :
Other physical details illustrations ;
Dimensions 8.66 x 0.45 x 10.91 inches.
336 ## - CONTENT TYPE
Content type term text
Source rdacontent
337 ## - MEDIA TYPE
Media type term unmediated
Source rdamedia
338 ## - CARRIER TYPE
Carrier type term volume
Source rdacarrier
500 ## - GENERAL NOTE
General note Previous edition: 2015.
500 ## - GENERAL NOTE
General note Includes index.
521 2# - TARGET AUDIENCE NOTE
Target audience note Key Stage 3.
651 #0 - SUBJECT ADDED ENTRY--GEOGRAPHIC NAME
Geographic name Great Britain
General subdivision History
Chronological subdivision 20th century
Form subdivision Juvenile literature.
942 ## - ADDED ENTRY ELEMENTS (KOHA)
Source of classification or shelving scheme
Koha item type Teaching Resources
Holdings
Withdrawn status Lost status Source of classification or shelving scheme Damaged status Not for loan Collection code Permanent Location Current Location Shelving location Date acquired Full call number Barcode Date last seen Price effective from Koha item type
          Teaching Resources KH8 Senior School Library KH8 Senior School Library Staff Office 2023-08-10 941.082 WIL TRKHSL001732 2023-08-10 2023-08-10 Teaching Resources
          Teaching Resources KH8 Senior School Library KH8 Senior School Library Staff Office 2023-08-10 941.082 WIL TRKHSL001733 2023-08-10 2023-08-10 Teaching Resources
          Teaching Resources KH8 Senior School Library KH8 Senior School Library Staff Office 2023-08-10 941.082 WIL TRKHSL001734 2023-08-10 2023-08-10 Teaching Resources
          Teaching Resources KH8 Senior School Library KH8 Senior School Library Staff Office 2023-08-10 941.082 WIL TRKHSL001735 2023-08-10 2023-08-10 Teaching Resources
          Teaching Resources KH8 Senior School Library KH8 Senior School Library Staff Office 2023-08-10 941.082 WIL TRKHSL001736 2023-08-10 2023-08-10 Teaching Resources
          Teaching Resources KH8 Senior School Library KH8 Senior School Library Staff Office 2023-08-10 941.082 WIL TRKHSL001737 2023-08-10 2023-08-10 Teaching Resources
          Teaching Resources KH8 Senior School Library KH8 Senior School Library Staff Office 2023-08-10 941.082 WIL TRKHSL001738 2023-08-10 2023-08-10 Teaching Resources
          Teaching Resources KH8 Senior School Library KH8 Senior School Library Staff Office 2023-08-10 941.082 WIL TRKHSL001739 2023-08-10 2023-08-10 Teaching Resources
          Teaching Resources KH8 Senior School Library KH8 Senior School Library Staff Office 2023-08-10 941.082 WIL TRKHSL001740 2023-08-10 2023-08-10 Teaching Resources
          Teaching Resources KH8 Senior School Library KH8 Senior School Library Staff Office 2023-08-10 941.082 WIL TRKHSL001741 2023-08-10 2023-08-10 Teaching Resources
          Teaching Resources KH8 Senior School Library KH8 Senior School Library Staff Office 2023-08-10 941.082 WIL TRKHSL001742 2023-08-10 2023-08-10 Teaching Resources

Powered By KH8 IT Dept